000 00749nam a22002177a 4500
008 090313t xxu||||| |||| 00| p eng d
010 _aENG-93206
020 _a9788190603638
_c200.00
035 _aEN-76739
037 _bDBAD / PUB
040 _adpl
_bEnglish
082 _a881
100 _aVerma, Satish
245 _aVia & V/s:
_cby Satish Verma
_b(new poems) /
260 _aAjmer
_bArawlii Publications
_c(200?)
270 _a5-AII, Mayoor Colony, Alwar Gate,
_bAjmer
_e305008
300 _a111p.
_c21cm (pbk)
650 _aEnglish poetry.
942 _2ddc
_cEN
_mVER
_h881
999 _c25204
_d25204